Теория и практика социально-педагогического сопровождения личности, оказавшейся в трудной жизненной ситуации (Запись № 12257992)

Подробности
000 -МАРКЕР
контрольное поле 02868nam0a2200421 4500
001 - ИДЕНТИФИКАТОР ЗАПИСИ
контрольное поле RU\NLR\BIBL_A\011555438
005 - ИДЕНТИФИКАТОР ВЕРСИИ
контрольное поле 20260409075434.0
010 ## - МЕЖДУНАРОДНЫЙ СТАНДАРТНЫЙ НОМЕР КНИГИ (ISBN)
Номер (ISBN) 9785904740641
Тираж 100
021 ## - НОМЕР ГОСУДАРСТВЕННОЙ РЕГИСТРАЦИИ
Код страны Российская Федерация
Номер 2017-88452
Номер Листа государственной регистраци 6320
035 ## - ДРУГИЕ СИСТЕМНЫЕ НОМЕРА
Идентификатор записи (RuMoRGB)009458685
035 ## - ДРУГИЕ СИСТЕМНЫЕ НОМЕРА
Идентификатор записи (NLR Aleph) 011555438
100 ## - ДАННЫЕ ОБЩЕЙ ОБРАБОТКИ
Данные общей обработки 20171211d2017 k y0rusy50 ca
101 0# - ЯЗЫК РЕСУРСА
Язык текста, звукозаписи и т.д. русский
102 ## - СТРАНА ПУБЛИКАЦИИ ИЛИ ПРОИЗВОДСТВА
Страна публикации Российская Федерация
105 ## - ПОЛЕ КОДИРОВАННЫХ ДАННЫХ: ТЕКСТОВЫЕ МАТЕРИАЛЫ, МОНОГРАФИЧЕСКИЕ
Кодированные данные о монографическом текстовом документе a|||z|||000zy
200 1# - ЗАГЛАВИЕ И СВЕДЕНИЯ ОБ ОТВЕТСТВЕННОСТИ
Основное заглавие Теория и практика социально-педагогического сопровождения личности, оказавшейся в трудной жизненной ситуации
Сведения, относящиеся к заглавию коллективная монография
Первые сведения об ответственности [Бабицкая Людмила Адамовна, Бахарева Елена Владимировна, Беринская Инна Владимировна и др.
Последующие сведения об ответственности научный редактор: О. А. Лапина, д-р пед. наук, проф.]
-- Министерство образования и науки РФ, Федеральное государственное бюджетное образовательное учреждение высшего образования "Иркутский государственный университет", Педагогический институт, Кафедра социальной педагогики и психологии
210 ## - ПУБЛИКАЦИЯ, РАСПРОСТРАНЕНИЕ И ДР.
Место издания, распространения и т.д. Иркутск
Имя издателя, распространителя и т. д. Иркут
Дата издания, распространения и т.д. 2017
215 ## - ФИЗИЧЕСКАЯ ХАРАКТЕРИСТИКА
Специфическое обозначение материала и объем 220 с.
Другие сведения о физической характеристике ил., табл.
Размеры 20
300 ## - ОБЩИЕ ПРИМЕЧАНИЯ
Текст примечания Авт. указаны на обороте тит. л.
320 ## - ПРИМЕЧАНИЯ О НАЛИЧИИ В ДОКУМЕНТЕ БИБЛИОГРАФИИ / УКАЗАТЕЛЯ
Текст примечания Библиогр. в конце гл.
606 ## - НАИМЕНОВАНИЕ ТЕМЫ КАК ПРЕДМЕТ
Наименование темы Дети, оказавшиеся в трудной жизненной ситуации
Тематический подзаголовок Психологическая помощь
Системный номер авторитетной/нормативной записи 2322057
Идентификатор авторитетной/нормативной записи RU\NLR\AUTH\6601613891
606 ## - НАИМЕНОВАНИЕ ТЕМЫ КАК ПРЕДМЕТ
Наименование темы Дети "группы риска"
Тематический подзаголовок Педагогическая поддержка
Идентификатор авторитетной/нормативной записи RU\NLR\AUTH\661460207
Системный номер авторитетной/нормативной записи 2456742
686 ## - ИНДЕКСЫ ДРУГИХ КЛАССИФИКАЦИЙ
Индекс Ю937-69,0
Код системы
686 ## - ИНДЕКСЫ ДРУГИХ КЛАССИФИКАЦИЙ
Индекс Ю949.2с,0
Код системы
686 1# - ИНДЕКСЫ ДРУГИХ КЛАССИФИКАЦИЙ
Индекс Ч421.334
686 1# - ИНДЕКСЫ ДРУГИХ КЛАССИФИКАЦИЙ
Индекс Ю984.92
686 1# - ИНДЕКСЫ ДРУГИХ КЛАССИФИКАЦИЙ
Индекс С550.325
701 #1 - ИМЯ ЛИЦА - АЛЬТЕРНАТИВНАЯ ОТВЕТСТВЕННОСТЬ
Начальный элемент ввода Бабицкая
Часть имени, кроме начального элемента ввода Л. А.
Дополнения к именам, кроме дат канд. пед. наук
Расширение инициалов личного имени Людмила Адамовна
Системный номер авторитетной/нормативной записи 184305
Идентификатор авторитетной/нормативной записи RU\NLR\AUTH\770184356
701 #1 - ИМЯ ЛИЦА - АЛЬТЕРНАТИВНАЯ ОТВЕТСТВЕННОСТЬ
Начальный элемент ввода Бахарева
Часть имени, кроме начального элемента ввода Е. В.
Расширение инициалов личного имени Елена Владимировна
701 #1 - ИМЯ ЛИЦА - АЛЬТЕРНАТИВНАЯ ОТВЕТСТВЕННОСТЬ
Начальный элемент ввода Беринская
Часть имени, кроме начального элемента ввода И. В.
Дополнения к именам, кроме дат канд. пед. наук
Расширение инициалов личного имени Инна Владимировна
Системный номер авторитетной/нормативной записи 184302
Идентификатор авторитетной/нормативной записи RU\NLR\AUTH\770184353
702 #1 - ИМЯ ЛИЦА - ВТОРИЧНАЯ ОТВЕТСТВЕННОСТЬ
Начальный элемент ввода Лапина
Часть имени, кроме начального элемента ввода О. А.
Расширение инициалов личного имени Олимпиада Александровна
Код отношения Редактор
712 02 - НАИМЕНОВАНИЕ ОРГАНИЗАЦИИ - ВТОРИЧНАЯ ОТВЕТСТВЕННОСТЬ
Код отношения Составитель
Начальный элемент ввода Иркутский государственный университет
Структурное подразделение Педагогический институт
-- Кафедра социальной педагогики и психологии
Системный номер авторитетной/нормативной записи 544767
Идентификатор авторитетной/нормативной записи RU\NLR\AUTH\880440289
942 ## - ДОПОЛНИТЕЛЬНЫЕ ЭЛЕМЕНТЫ ЗАПИСИ (АБИС)
Тип экземпляра АБИС Книга
980 ## - КОЛЛЕКЦИЯ
Название коллекции НБР

Нет доступных экземпляров.